|
|
|
|
| LEADER |
01390nam a2200277 u 4500 |
| 001 |
10041227 |
| 003 |
GR-PaULI |
| 005 |
20241126131146.0 |
| 008 |
011001s2000 gr gre |
| 020 |
|
|
|a 9603410292
|
| 040 |
|
|
|a GR-PaULI
|c GR-PaULI
|b gre
|e AACR2
|
| 082 |
0 |
4 |
|a 551.23
|2 23
|
| 100 |
1 |
|
|a Σπαθή, Σοφία Κ.
|4
|9 5511
|e συγγραφέας.
|
| 245 |
1 |
2 |
|a Ο ιαματικός τουρισμός και η ανάπτυξη του τουρισμού υγείας στην Ελλάδα /
|c Σ.Κ. Σπαθή.
|
| 260 |
|
|
|a Αθήνα :
|b Κέντρο Προγραμματισμού και Οικονομικών Ερευνών,
|c 2000.
|
| 300 |
|
|
|a 127 σ. :
|b εικ. ;
|c 25 εκ.
|
| 490 |
1 |
|
|a Εκθέσεις / ΚΕΠΕ
|v 29
|
| 504 |
|
|
|a Περιλαμβάνει βιβλιογραφία.
|
| 650 |
|
4 |
|a Πηγές, Ιαματικές
|x Οικονομία.
|9 30236
|
| 650 |
|
4 |
|a Τουρισμός
|z Ελλάδα.
|9 12387
|
| 830 |
|
0 |
|a Εκθέσεις (Κέντρο Προγραμματισμού και Οικονομικών Ερευνών)
|9 156000
|v 29
|
| 942 |
|
|
|2 ddc
|c BK
|
| 952 |
|
|
|0 0
|1 0
|4 0
|6 551_230000000000000_ΣΠΑ
|7 0
|9 28584
|a LISP
|b LISP
|c BSC
|d 2016-04-24
|i 061189
|l 1
|m 1
|o 551.23 ΣΠΑ
|p 025000081964
|r 2017-08-11 00:00:00
|s 2017-06-19
|t 1
|v 2016.00
|w 2016-04-24
|y BK15
|
| 998 |
|
|
|c ΒΑΣΙΛΕΙΟΥ
|d 2001-10
|
| 998 |
|
|
|c ΗΛΙΟΠΟΥΛΟΥ
|d 2001-10
|
| 999 |
|
|
|c 18223
|d 18223
|